000 00735nam a2200277Ia 4500
003 OSt
005 20221006153237.0
006 a|||||r|||| 00| 0
007 ta
008 221006b |||||||| |||| 00| 0 kor d
020 _cW 7,800
024 _a31,738
037 _bGift, Korean Embassy
_cTextual
040 _aEASL
_cEASL
_bkor
041 _2kor
_akor
082 _aO495,3N48, P5
100 _aKIM Hun Au.
245 0 _aKhalui norae
_b Cheongsonyeoneul wihan, 2
260 _aSeoul
_bSaengak-ui Namu Korea
_c2005
300 _a201p.
_ccm.
490 _v KL
650 _a KL
650 _aNovel
942 _hO495,3N48, P5
_cTEXL
_2CC
999 _c1099824
_d1099824